|
|
|
|
| LEADER |
01321nam a2200277 a 4500 |
| 001 |
12408220 |
| 008 |
090601r2002 njua b 001 0 eng d |
| 010 |
|
|
|a 2001033855
|
| 020 |
|
|
|a 8178088010
|
| 040 |
|
|
|a DLC
|c DLC
|d DLC
|
| 082 |
0 |
0 |
|a 658.5
|2 21
|
| 100 |
1 |
|
|a Krajewski, Lee J.
|
| 245 |
1 |
0 |
|a Operations management :
|b strategy and analysis /
|c Lee J. Krajewski, Larry P. Ritzman.
|
| 250 |
|
|
|a 6th ed.
|
| 260 |
|
|
|a New Delhi,India :
|b Pearson Education Asia,
|c c2002. [reprinted]
|
| 300 |
|
|
|a xxv, 883 p. :
|b ill. ;
|c 26 cm.
|
| 504 |
|
|
|a Includes bibliographical references and indexes.
|
| 541 |
1 |
|
|e 00009943
|
| 650 |
|
0 |
|a Production management.
|
| 700 |
1 |
|
|a Ritzman, Larry P.
|
| 852 |
4 |
|
|a Ayesha Abed Library
|j General Shelf.
|
| 942 |
0 |
0 |
|0 3
|
| 999 |
|
|
|c 1284
|d 1284
|
| 952 |
|
|
|0 0
|1 0
|2 ddc
|4 0
|6 658_500000000000000_KRA
|7 0
|9 1166
|a BRACUL
|b BRACUL
|c GEN
|d 2009-06-25
|g 0.00
|l 13
|m 54
|o 658.5 KRA
|p 3010009943
|r 2019-10-11
|s 2019-10-11
|t 1
|w 2009-06-25
|y BK
|x No price found in the accession register.
|
| 952 |
|
|
|0 0
|1 0
|2 ddc
|4 0
|6 658_500000000000000_KRA
|7 0
|9 16609
|a BRACUL
|b BRACUL
|c GEN
|d 2011-05-23
|l 12
|m 81
|o 658.5 KRA
|p 3010009945
|r 2015-12-12
|s 2015-10-03
|t 2
|w 2011-05-23
|y BK
|
| 952 |
|
|
|0 0
|1 0
|2 ddc
|4 0
|6 658_500000000000000_KRA
|7 0
|9 16610
|a BRACUL
|b BRACUL
|c GEN
|d 2011-05-23
|l 19
|m 112
|o 658.5 KRA
|p 3010009944
|r 2019-09-08
|s 2019-05-17
|t 3
|w 2011-05-23
|y BK
|